مكتبة جامعة عجلون الوطنية

فهرس بحث المكتبة

Normal view MARC view
  • جمع وتخريج الجبوري، عبد اللطيف اسماعيل عيسى

Entry Personal Name

Number of records used in: 1

001 - CONTROL NUMBER

  • control field: 37480

003 - CONTROL NUMBER IDENTIFIER

  • control field: JO-AjAnu

005 - DATE AND TIME OF LATEST TRANSACTION

  • control field: 20230606080241.0

008 - FIXED-LENGTH DATA ELEMENTS

  • fixed length control field: 230606|| aca||aabn | a|a d

040 ## - CATALOGING SOURCE

  • Original cataloging agency: JO-AjAnu
  • Transcribing agency: JO-AjAnu

100 ## - HEADING--PERSONAL NAME

  • Personal name: جمع وتخريج الجبوري، عبد اللطيف اسماعيل عيسى

670 ## - SOURCE DATA FOUND

  • Source citation: Work cat.: (JO-AjAnu)19232: جمع وتخريج الجبوري، عبد اللطيف اسماعيل عيسى, author, رسائل الفاروق عمر بن الخطاب رضي الله عنه الى كافة الأمصار الإسلامية الشام- العراق-الاردن-فلسطين-اليمن-ايران